Normal view
MARC view
- Indígenas de México
Entry Materia
001 - NÚMERO DE CONTROL DEL REGISTRO
- campo de control: 45530
003 - IDENTIFICADOR DE NUMERO DE CONTROL
- campo de control: MX-MxUPN
005 - FECHA Y HORA DE LA ÚLTIMA TRANSACCIÓN
- campo de control: 20230919130705.0
008 - DATOS DE LONGITUD FIJA
- campo de control de longitud fija: 220804|| acn||babn a a|a d
040 ## - FUENTE DE LA CATALOGACIÓN
- Centro catalogador de origen: MX-MxUPN
- Lengua de catalogación: spa
- Agencia de transcripción: MX-MxUPN
046 ## - FECHAS CON CODIFICACIÓN ESPECIAL
- Fecha final para contenidos agregados: 220804
150 ## - ENCABEZAMIENTO - TEMÁTICO
- Término de materia o nombre geográfico como elemento inicial: Indígenas de México
- Subdivisión de materia general: Lenguas
- Subdivisión de forma: Bibliografía
450 ## - VÉASE - MATERIA
- Subcampo de control: nnea
- Encabezamiento temático: Indios de México
- Subdivisión temática general: Lenguas
- Subdivisión temática general: Bibliografía
450 ## - VÉASE - MATERIA
- Encabezamiento temático: Indios mexicanos
- Subdivisión temática general: Bibliografía
- Subdivisión temática general: Lenguas
450 ## - VÉASE - MATERIA
- Encabezamiento temático: Aborígenes de México
- Subdivisión temática general: Bibliografía
- Subdivisión temática general: Lenguas
450 ## - VÉASE - MATERIA
- Encabezamiento temático: Aborígenes mexicanos
- Subdivisión temática general: Bibliografía
- Subdivisión temática general: Lenguas
670 ## - FUENTE EN LA QUE SE LOCALIZARON DATOS
- Cita de la fuente: Autoridades BGTQ, 18 septiembre 2023:
- Información localizada: (Indígenas de México) subdivisión general (Bibliografía) subdivisión general (Lenguas)
902 ## - CATALOGADOR
- Catalogador: Víctor Ruiz/180923
